| 000 | 00343 a2200121 4500 | ||
|---|---|---|---|
| 001 | 92306 | ||
| 082 | _aPR 2542 | ||
| 090 |
_c44261 _d44262 |
||
| 100 | _aHasnain Ahmad; Noman Riaz , advisor | ||
| 245 |
_aAvionics system design of pakistan next generation fighter aircraft NGFA _n78 B EC |
||
| 260 |
_aRawalpindi _bNUST _c2015 |
||
| 300 | _a155 p. | ||
| 942 |
_aCAE NUST _kPR 2542 |
||
| 999 |
_c327379 _d327379 |
||